000 00835nam a22001697a 4500
008 111212t xxu||||| |||| 00| 0 eng d
020 _a0071093095 9780071093095
050 _aHB172.R93
100 _aDornbusch, Rudiger
245 _aStudy guide to accompany macroeconomics /
_cRudiger Dornbusch
250 _a7th
260 _aBoston:
_bMcGraw Hill;
_cc1997.
300 _aviii, 320 p.
_bill. (Graph)
_c28 cm
505 _aContents: Introduction to national income accounting -- Growth, aggregate supply-aggregate demand and the new macroeconomics -- First models -- Behavioural foundations.
650 _aPolitical economy
_x economic analyses
_x macroeconomics
_x national income
_x accounting
_x economic growth
_x accumulation
_x economic policy
_x salaries
_x price
_x unemployment
_x inflation
_x models
_x cases
942 _2lcc
_cBK
999 _c376
_d7876